| 000 | 00335nam a2200145Ia 4500 | ||
|---|---|---|---|
| 008 | 230917s9999||||xx |||||||||||||| ||und|| | ||
| 040 |
_e37584 _aMAIN |
||
| 041 | _aEnglish | ||
| 082 | _a823.8 F774D:E | ||
| 100 | _aDas, G K | ||
| 245 | 0 | _aE.M Forster's India | |
| 260 |
_aLondon _bMacmillan _c1977 |
||
| 300 | _a161 p. | ||
| 942 | _cBK | ||
| 999 |
_c181942 _d181942 |
||